000 00884nam a22002890a 4500
001 PT31775
003 AR-LpoUNG
005 20210131225853.0
008 191001s1970||||ag |||||||||||||||||spa d
040 _aAR-LpoUNG
_bspa
_cAR-LpoUNG
_eaacr
041 _aspa
044 _aag
082 0 _a982.023 237con
100 1 _aWalther, Juan Carlos
245 1 3 _aLa conquista del desierto :
_bsíntesis histórica de los principales sucesos ocurridos y operaciones militares realizadas en La Pampa y Patagonia, contra los indios (años 1527-1885)
260 _aBuenos Aires :
_bEUDEBA,
_c1970.
300 _a629 p. :
_btbls., gráfs.
650 4 _aANALISIS HISTORICO
650 4 _aARGENTINA
650 4 _aASPECTOS GEOGRAFICOS
650 4 _aGUERRA
650 4 _aHISTORIA POLITICA
650 4 _aHISTORIA SOCIAL
650 4 _aPOBLACION INDIGENA
905 _a31775
942 _cLIB
999 _c262
_d262